Central Library OPAC University of Rajshahi

Two of the Saxon chronicles parallel : (Record no. 22159)

MARC details
000 -LEADER
fixed length control field 01184cam a22002771 4500
001 - CONTROL NUMBER
control field 22159
003 - CONTROL NUMBER IDENTIFIER
rucl marc code BD-RjUL
005 - DATE AND TIME OF LATEST TRANSACTION
control field 20211209000756.0
008 - FIXED-LENGTH DATA ELEMENTS--GENERAL INFORMATION
fixed length control field 140306r19521899enk 001 0 eng
035 ## - SYSTEM CONTROL NUMBER
System control number (BD-RjUL)22224
System control number (OCoLC)1348454
040 ## - CATALOGING SOURCE
Original cataloging agency DLC
Transcribing agency OCU
Modifying agency OCoLC
-- BD-RjUL
-- DLC
Language of cataloging eng
041 ## - LANGUAGE CODE
Language code of text/sound track or separate title eng
082 ## - DEWEY DECIMAL CLASSIFICATION NUMBER
Classification number 829.9
Author mark and year TWO
245 10 - TITLE STATEMENT
Title Two of the Saxon chronicles parallel :
Remainder of title with supplementary extracts from the others /
Statement of responsibility, etc. a revised text ed., with introduction, notes, appendices, and glossary by Charles Plummer on the basis of an edition by John Earle.
Number of part/section of a work Volume II
Name of part/section of a work Introduction notes and Index
260 ## - PUBLICATION, DISTRIBUTION, ETC. (IMPRINT)
Place of publication, distribution, etc. Oxford :
Name of publisher, distributor, etc. Clarendon Press,
Date of publication, distribution, etc. 1899.
300 ## - PHYSICAL DESCRIPTION
Pagination cxliid, 463 p. ;
Size 20 cm.
500 ## - GENERAL NOTE
General note The Parker ms. (Corpus Christi College, Cambridge, no. 173) and the Laud ms. (Bodleian Laud 636)
505 0# - FORMATTED CONTENTS NOTE
Formatted contents note v. 1. Text, appendices and glossary.--v. 2. Introduction, notes, and index.
651 #0 - SUBJECT ADDED ENTRY--GEOGRAPHIC NAME
Geographic name Great Britain
General subdivision History
Chronological subdivision Anglo Saxon period, 449-1066
General subdivision Sources.
9 (RLIN) 60939
700 1# - ADDED ENTRY--PERSONAL NAME
Personal name Earle, John,
Dates associated with a name 1824-1903,
Relator term ed.
Personal name Plummer, Charles,
Dates associated with a name 1851-1927,
Relator term ed.
942 ## - ADDED ENTRY ELEMENTS (KOHA)
Source of classification or shelving scheme Dewey Decimal Classification
Koha item type Books
Holdings
Lost status Source of classification or shelving scheme Damaged status Not for loan Collection code Permanent Location Current Location Shelving location Date acquired Source of acquisition Cost, normal purchase price Total Checkouts Full call number Date last seen Copy number Koha item type
  Dewey Decimal Classification   Added to bundle Fiction Central Library, University of Rajshahi Central Library, University of Rajshahi Reading Room 21/06/1955 O.U.P. dhaka 10.00   829.9 TWO V-2 1952 06/03/2014 C-1 Books